Which flag is North American? - Statistics

General Stats
  • This quiz has been taken 102 times
  • The average score is 14 of 16
Answer Stats
Question Tile Select % Correct
that are North American No
98%
that are North American No
96%
that are North American No
95%
that are North American Yes
93%
that are North American No
93%
that are North American No
93%
that are North American Yes
89%
that are North American Yes
88%
that are North American No
88%
that are North American No
87%
that are North American No
82%
that are North American Yes
80%
that are North American Yes
80%
that are North American Yes
74%
that are North American Yes
67%
that are North American Yes
57%
No matching quizzes found
Score Distribution
Percent of People with Each Score
Percentile by Number Answered
Your Score History
You have not taken this quiz